| 000 | 00356nam a2200145Ia 4500 | ||
|---|---|---|---|
| 005 | 20251222153542.0 | ||
| 008 | 251222s9999||||xx |||||||||||||| ||spa|| | ||
| 020 | _a9789972699771 | ||
| 082 | _a335.4/G45 | ||
| 100 | _aGillen, Cristian | ||
| 245 | 0 | _aDel Neoestalinismo al Posmarxismo | |
| 250 | _a1ra.ed. | ||
| 264 | _bEditorial Horizonte | ||
| 942 | _cLIB | ||
| 999 |
_c30505 _d30505 |
||